书目信息 |
| 题名: |
跟踪
|
|
| 作者: | 杨慧子 著 | |
| 分册: | 第一季 | |
| 出版信息: | 北京 东方出版社 2010.01 |
|
| 页数: | 243页 | |
| 开本: | 21cm | |
| 丛书名: | ||
| 单 册: | ||
| 中图分类: | I247.5 | |
| 科图分类: | ||
| 主题词: | 长篇小说--chang pian xiao shuo--中国--当代 | |
| 电子资源: | ||
| ISBN: | 978-7-5060-3712-9 | |
| 000 | 00970nam0 2200241 450 | |
| 001 | 012010709566 | |
| 005 | 20100412081951.35 | |
| 010 | @a978-7-5060-3712-9@dCNY25.00 | |
| 100 | @a20100412d2010 em y0chiy0120 ea | |
| 101 | 0 | @achi |
| 102 | @aCN@b110000 | |
| 105 | @ay z 000ay | |
| 106 | @ar | |
| 200 | 1 | @a跟踪@Agen zong@h第一季@f杨慧子品作@Fyang hui zi zuo pin |
| 210 | @a北京@c东方出版社@d2010.01 | |
| 215 | @a243页@d21cm | |
| 330 | @a本书是杨慧娜娱乐文学新作,描写了娱乐圈的几位小人物,他们是娱乐圈最真实、最劲爆的台下幕后的爆料者。要了解娱乐江湖,少了他们可不行。故事从2008年北京冬天雨夜的一场车祸讲起。在娱乐江湖的风口浪尖,“卓伟”和“冯科”创立的报道工作室越来越被人们关注,越来越多的人开始渴望知道他们以及那些隐藏在娱乐新闻背后的真相。 | |
| 333 | @a小说爱好者 | |
| 606 | 0 | @a长篇小说@Achang pian xiao shuo@y中国@z当代 |
| 690 | @aI247.5@v4 | |
| 701 | 0 | @a杨慧子@Ayang hui zi@4著 |
| 801 | 0 | @aCN@bQSSK@c20100412 |
| 905 | @b777445-47@dI247.5@eY199:1@f3 | |
| 跟踪.第一季/杨慧子品作.-北京:东方出版社,2010.01 |
| 243页;21cm |
| 使用对象:小说爱好者 |
| ISBN 978-7-5060-3712-9:CNY25.00 |
| 本书是杨慧娜娱乐文学新作,描写了娱乐圈的几位小人物,他们是娱乐圈最真实、最劲爆的台下幕后的爆料者。要了解娱乐江湖,少了他们可不行。故事从2008年北京冬天雨夜的一场车祸讲起。在娱乐江湖的风口浪尖,“卓伟”和“冯科”创立的报道工作室越来越被人们关注,越来越多的人开始渴望知道他们以及那些隐藏在娱乐新闻背后的真相。 |
| ● |
| 相关链接 |
|
|
|
正题名:跟踪
索取号:I247.5/Y199:1
 
预约/预借
| 序号 | 登录号 | 条形码 | 馆藏地/架位号 | 状态 | 备注 |
| 1 | 777445 | 207774452 | 文学库108/108文学库 39排7列5层/ [索取号:I247.5/Y199:1] | 在馆 | |
| 2 | 777446 | 207774461 | 文学库108/108文学库 39排7列5层/ [索取号:I247.5/Y199:1] | 在馆 | |
| 3 | 777447 | 207774470 | 文学库108/108文学库 39排7列5层/ [索取号:I247.5/Y199:1] | 在馆 |